Tous les films/séries d'animations Disney présents dans Lorcana - Statistiques

Statistiques générales
  • Ce quiz a été pris 39 fois
    20 depuis la dernière actualisation
  • Le résultat moyen est 29 sur 42
Statistiques - réponses
Date de sortie Film/Série d'animation % Correct
1992 Aladdin
93%
1991 La Belle et la bête
93%
2013 La Reine des neiges
93%
1994 Le Roi lion
93%
2002 Lilo et Stitch
93%
1953 Peter Pan
93%
1940 Fantasia
87%
1989 La Petite Sirène
87%
2016 Vaiana
87%
1955 La Belle et le clochard
87%
1961 Les 101 dalmatiens
87%
1942 Bambi
80%
2021 Encanto
80%
1950 Cendrillon
80%
1959 La Belle au bois dormant
80%
2010 Raiponce
80%
2002 La Planète au trésor
80%
1998 Mulan
80%
1940 Pinocchio
80%
1937 Blanche-Neige et les sept nains
73%
2009 La Princesse et la grenouille
73%
2017 La Bande à Picsou
73%
1967 Le Livre de la jungle
73%
2014 Les Nouveaux héros
73%
1973 Robin des bois
73%
2016 Zootopie
73%
1951 Alice au pays des merveilles
67%
2001 Atlantide
67%
1997 Hercule
67%
2000 Kuzco
67%
1970 Les Aristochats
67%
2012 Les Mondes de Ralph
67%
2021 Raya et le dernier dragon
67%
1986 Basil, détective privé
60%
2008 Volt
60%
1977 Bernard et Bianca
53%
1963 Merlin l'enchanteur
47%
1977 Winnie l'ourson
40%
2003 Frères des ours
27%
2004 Les Trois Mousquetaires
20%
1990 Super Baloo
13%
1989 Tic et Tac, rangers du risque
13%
Aucun quiz correspondant
Distribution des résultats
% des personnes avec chaque résultat
Percentile par nombre de réponses
Votre historique - résultats
Vous n’avez pas pris ce quiz depuis la dernière actualisation